[Event "Xtracon Grandmaster "]
[Site "Koge"]
[Date "2013.10.17"]
[Round "4"]
[White "Bengtsson, Tage"]
[Black "Andersen, Daniel"]
[Result "1/2-1/2"]
[WhiteElo "2099"]
[BlackElo "1933"]
[PlyCount "76"]
[EventDate "2013.10.14"]
[EventType "swiss"]
[EventRounds "9"]
[EventCountry "DEN"]
[Source "ChessBase"]
[SourceDate "2013.11.20"]

1. d4 e6 2. e4 d5 3. Nd2 c5 4. Ngf3 cxd4 5. exd5 Qxd5 6. Bc4 Qd6 7. O-O Nf6 8.
Nb3 Nc6 9. Nbxd4 Nxd4 10. Qxd4 Qxd4 11. Nxd4 Bc5 12. Nb5 O-O 13. Bf4 Bd7 14.
Bd3 Nd5 15. Bd6 Bxb5 16. Bxf8 Bxd3 17. Bxc5 Bxf1 18. Kxf1 b6 19. Bd4 Rc8 20. c3
f6 21. Ke2 e5 22. Be3 Kf7 23. a4 a6 24. Bd2 Ke6 25. Rc1 Ne7 26. b4 b5 27. Ra1
Rc7 28. axb5 axb5 29. Ra5 Rb7 30. Kd3 Nc6 31. Ra8 Kd5 32. f3 f5 33. Rf8 g6 34.
Be3 Rd7 35. Rc8 Rf7 36. Ke2 e4 37. fxe4+ fxe4 38. Bf2 Rd7 1/2-1/2

[Event "Xtracon Grandmaster "]
[Site "Koge"]
[Date "2013.10.17"]
[Round "4"]
[White "Christensen, Casper"]
[Black "Moller, Arne"]
[Result "1-0"]
[WhiteElo "1977"]
[BlackElo "1847"]
[PlyCount "63"]
[EventDate "2013.10.14"]
[EventType "swiss"]
[EventRounds "9"]
[EventCountry "DEN"]
[Source "ChessBase"]
[SourceDate "2013.11.20"]

1. e4 c5 2. Nf3 d6 3. d4 cxd4 4. Nxd4 Nf6 5. Nc3 a6 6. a4 b6 7. f3 g6 8. Be3
Bg7 9. Bc4 Bb7 10. Bb3 O-O 11. Qd2 Nbd7 12. Rd1 Rc8 13. Bh6 Ne5 14. Bxg7 Kxg7
15. Be6 Rc7 16. Qe2 Kh8 17. Nd5 Nxd5 18. Bxd5 Bxd5 19. exd5 Qc8 20. f4 Nd7 21.
O-O Nf6 22. Qf3 Rc5 23. f5 Rxd5 24. fxg6 fxg6 25. Rd3 Qc5 26. Qe3 e5 27. Ne6
Rxd3 28. Qxc5 bxc5 29. Nxf8 Rd2 30. Rxf6 Kg7 31. Rf3 Rxc2 32. Ne6+ 1-0

[Event "Xtracon Grandmaster "]
[Site "Koge"]
[Date "2013.10.17"]
[Round "4"]
[White "Christophersen, David"]
[Black "Ottesen, Soren Rud"]
[Result "1-0"]
[WhiteElo "1811"]
[BlackElo "1757"]
[PlyCount "129"]
[EventDate "2013.10.14"]
[EventType "swiss"]
[EventRounds "9"]
[EventCountry "DEN"]
[Source "ChessBase"]
[SourceDate "2013.11.20"]

1. d4 Nf6 2. c4 e6 3. Bg5 h6 4. Bh4 d5 5. Nc3 Be7 6. cxd5 Nxd5 7. Bxe7 Nxe7 8.
e4 c5 9. dxc5 O-O 10. Qxd8 Rxd8 11. b4 Nbc6 12. a3 a5 13. b5 Nd4 14. O-O-O Nb3+
15. Kc2 Rxd1 16. Kxd1 Nxc5 17. Bc4 Bd7 18. Nge2 Rc8 19. Ba2 Nd3 20. Rf1 Nb2+
21. Kc2 Na4 22. Kb3 Nc5+ 23. Kb2 Ng6 24. f4 Nh4 25. g3 Ng2 26. Rd1 Ne3 27. Rd6
Ng4 28. h3 Nf6 29. e5 Ne8 30. Rd2 Kf8 31. a4 Ke7 32. g4 Rd8 33. Nd4 Bc8 34. f5
Nc7 35. f6+ gxf6 36. Nf5+ exf5 37. exf6+ Ke8 38. Bxf7+ Kxf7 39. Rxd8 Be6 40. b6
Ne8 41. gxf5 Bxf5 42. Rd5 Nd3+ 43. Ka3 Kxf6 44. Rxa5 Bxh3 45. Rh5 Bg2 46. Rxh6+
Ke5 47. Nb5 Nf6 48. a5 Nc5 49. Rh2 Bc6 50. Re2+ Nfe4 51. Na7 Bd5 52. Rh2 Kd4
53. Rh4 Ke5 54. Rh5+ Ke6 55. Nb5 Bc6 56. Nd4+ Kd6 57. Rh6+ Kd5 58. Nxc6 bxc6
59. b7 Na6 60. Rh8 c5 61. b8=Q Nxb8 62. Rxb8 Nd6 63. a6 Nc4+ 64. Ka2 Na5 65. a7
1-0

[Event "Xtracon Grandmaster "]
[Site "Koge"]
[Date "2013.10.17"]
[Round "4"]
[White "Degerfeldt, Sven"]
[Black "Norlander, Svante"]
[Result "1-0"]
[WhiteElo "1929"]
[BlackElo "1766"]
[PlyCount "129"]
[EventDate "2013.10.14"]
[EventType "swiss"]
[EventRounds "9"]
[EventCountry "DEN"]
[Source "ChessBase"]
[SourceDate "2013.11.20"]

1. d4 Nf6 2. c4 c5 3. d5 b5 4. Nf3 g6 5. Qc2 d6 6. e4 Bg7 7. cxb5 O-O 8. Nc3 a6
9. b6 Qxb6 10. Be2 Nbd7 11. O-O e6 12. dxe6 fxe6 13. Bc4 Ne5 14. Nxe5 dxe5 15.
f3 Rb8 16. Rb1 Kh8 17. Be3 Qc6 18. b3 Nd7 19. Na4 Bb7 20. Rfd1 a5 21. Rd3 Rf7
22. Rbd1 Bf8 23. Qd2 Nb6 24. Nxb6 Qxb6 25. Rd7 Be7 26. Qb2 Bc8 27. Rxe7 Rxe7
28. Qxe5+ Kg8 29. Bxc5 Qc7 30. Qxc7 Rxc7 31. Bd6 Rxc4 32. Bxb8 Rc2 33. Be5 Kf7
34. a3 h5 35. h4 Ke8 36. b4 Bd7 37. bxa5 Rc5 38. Bd6 Rxa5 39. Bb4 Ra4 40. Kf2
Ra8 41. Ke3 Ba4 42. Rd2 Bb5 43. Kf4 Kf7 44. Rc2 Ra7 45. Bd6 Ra6 46. Rc7+ Kg8
47. Bb4 Bd3 48. Rd7 Bc4 49. Kg5 Bb5 50. Re7 Bf1 51. Kh6 e5 52. Rg7+ Kh8 53.
Rxg6 Rxg6+ 54. Kxg6 Bxg2 55. Kf5 Bxf3 56. Kxe5 Kg7 57. a4 Be2 58. Kd6 Kf7 59.
e5 Ke8 60. Kc7 Bc4 61. a5 Bd3 62. Kb6 Kd7 63. a6 Be4 64. Ka7 Bd5 65. Kb8 1-0

[Event "Xtracon Grandmaster "]
[Site "Koge"]
[Date "2013.10.17"]
[Round "4"]
[White "Fransson, Pia"]
[Black "Stuhr, Peter Sebastian"]
[Result "1/2-1/2"]
[WhiteElo "1558"]
[BlackElo "1939"]
[PlyCount "136"]
[EventDate "2013.10.14"]
[EventType "swiss"]
[EventRounds "9"]
[EventCountry "DEN"]
[Source "ChessBase"]
[SourceDate "2013.11.20"]

1. d4 d6 2. Bf4 Nd7 3. Nf3 Ngf6 4. h3 c6 5. e3 Qc7 6. Be2 h6 7. c4 e5 8. Bh2
Be7 9. O-O g5 10. Nc3 Rg8 11. Nd2 Nf8 12. Nde4 N8h7 13. Qc2 g4 14. Nxf6+ Nxf6
15. Ne4 Nxe4 16. Qxe4 f5 17. Qc2 gxh3 18. Bh5+ Kf8 19. g3 Bf6 20. Kh1 Rg5 21.
dxe5 dxe5 22. Qd1 e4 23. f4 exf3 24. Qxf3 Bxb2 25. Rad1 Be5 26. Rd2 Be6 27. Bg4
Kg7 28. Bxh3 Bxg3 29. Bxf5 Rxf5 30. Qg4+ Kf6 31. Rdf2 Rxf2 32. Rxf2+ Bxf2 33.
Qf3+ Ke7 34. Bxc7 Bh4 35. Qf4 Bg5 36. Qd6+ Kf7 37. Qd3 Rc8 38. Bf4 Rd8 39. Qc2
Rg8 40. Qh7+ Rg7 41. Qe4 Rg8 42. Bxg5 hxg5 43. Qf3+ Ke7 44. Qh5 Bxc4 45. Qh7+
Bf7 46. Qe4+ Be6 47. Kg1 g4 48. Qf4 Rf8 49. Qc7+ Kf6 50. Qxb7 Rc8 51. Qxa7 c5
52. Qa3 c4 53. Qc3+ Kf7 54. Kf2 Rd8 55. Kg3 Rd3 56. Qe5 c3 57. Qc7+ Kg6 58. Kf4
Bxa2 59. Ke4 Rd1 60. Qxc3 Bd5+ 61. Kf4 Rf1+ 62. Kxg4 Be6+ 63. Kg3 Rh1 64. Qc6
Rh3+ 65. Kg2 Rxe3 66. Kf2 Re5 67. Qg2+ Kf6 68. Qf3+ Rf5 1/2-1/2

[Event "Xtracon Grandmaster "]
[Site "Koge"]
[Date "2013.10.17"]
[Round "4"]
[White "Gade, Jens"]
[Black "Sorensen, Dick"]
[Result "0-1"]
[WhiteElo "1619"]
[BlackElo "1974"]
[PlyCount "74"]
[EventDate "2013.10.14"]
[EventType "swiss"]
[EventRounds "9"]
[EventCountry "DEN"]
[Source "ChessBase"]
[SourceDate "2013.11.20"]

1. f4 Nf6 2. Nf3 c5 3. e3 g6 4. Be2 Bg7 5. O-O O-O 6. d3 d6 7. Nc3 Nc6 8. Bd2
a6 9. a3 b5 10. Na2 a5 11. Rb1 Be6 12. Nc1 Qb6 13. Kh1 a4 14. Ng5 Bd7 15. Qe1
b4 16. axb4 cxb4 17. b3 a3 18. Na2 Rab8 19. Bf3 d5 20. Be2 Rfc8 21. Nf3 Bg4 22.
Ne5 Bxe2 23. Qxe2 Nxe5 24. fxe5 Nd7 25. d4 Rxc2 26. Ra1 f6 27. exf6 Nxf6 28.
Rfc1 Rb2 29. Rcb1 Ne4 30. Rxb2 axb2 31. Rb1 Qf6 32. Nxb4 e6 33. Kg1 Bf8 34. Nd3
Rxb3 35. Rxb2 Rxd3 36. Qxd3 Qf2+ 37. Kh1 Nxd2 0-1

[Event "Xtracon Grandmaster "]
[Site "Koge"]
[Date "2013.10.17"]
[Round "4"]
[White "Gleizerov, Evgeny"]
[Black "Preuss, Flemming"]
[Result "1-0"]
[WhiteElo "2545"]
[BlackElo "1980"]
[PlyCount "56"]
[EventDate "2013.10.14"]
[EventType "swiss"]
[EventRounds "9"]
[EventCountry "DEN"]
[Source "ChessBase"]
[SourceDate "2013.11.20"]

1. d4 f5 2. g3 g6 3. Bg2 Nf6 4. c4 Bg7 5. Nc3 O-O 6. Nh3 d6 7. d5 Na6 8. O-O h6
9. Nf4 Qe8 10. e4 g5 11. Nd3 fxe4 12. Nxe4 Nxe4 13. Bxe4 Qf7 14. Be3 Bf5 15.
Qf3 b6 16. Rab1 Bxe4 17. Qxe4 Nc5 18. Nxc5 bxc5 19. b4 cxb4 20. Rxb4 Rfb8 21.
Rfb1 Rxb4 22. Rxb4 Qf6 23. Rb7 Qa1+ 24. Kg2 Qxa2 25. Rxc7 Re8 26. Rxa7 Qe2 27.
c5 dxc5 28. d6 e5 1-0

[Event "Xtracon Grandmaster "]
[Site "Koge"]
[Date "2013.10.17"]
[Round "4"]
[White "Hagen, Andreas Skytte"]
[Black "Andersen, Morten"]
[Result "1-0"]
[WhiteElo "2421"]
[BlackElo "2153"]
[PlyCount "89"]
[EventDate "2013.10.14"]
[EventType "swiss"]
[EventRounds "9"]
[EventCountry "DEN"]
[Source "ChessBase"]
[SourceDate "2013.11.20"]

1. e4 e5 2. Nf3 Nc6 3. Bb5 a6 4. Ba4 Nf6 5. O-O Nxe4 6. d4 b5 7. Bb3 d5 8. dxe5
Be6 9. Nbd2 Nc5 10. c3 Be7 11. Bc2 d4 12. h3 d3 13. Bb1 O-O 14. Nb3 Nxb3 15.
axb3 Bf5 16. Bf4 Qd7 17. Qd2 Qd5 18. b4 Bg6 19. Rd1 a5 20. Bxd3 Bxd3 21. Qxd3
Qxd3 22. Rxd3 axb4 23. Rc1 Nd8 24. Rd7 Bc5 25. cxb4 Bxb4 26. Nd4 Ne6 27. Nxe6
fxe6 28. Be3 c5 29. Rb7 Rab8 30. Rxb8 Rxb8 31. Bxc5 Rc8 32. Be3 Rxc1+ 33. Bxc1
Kf7 34. Kf1 Ke8 35. Ke2 Kd7 36. Bd2 Be7 37. Kd3 Kc6 38. Ke4 g6 39. g4 Kc5 40.
f4 Kc4 41. f5 gxf5+ 42. gxf5 b4 43. fxe6 Kb3 44. Kf5 Kxb2 45. Bxb4 1-0

[Event "Xtracon Grandmaster "]
[Site "Koge"]
[Date "2013.10.17"]
[Round "4"]
[White "Hansen, Rasmus Agertoft"]
[Black "Akdag, Dara Sevkan"]
[Result "0-1"]
[WhiteElo "1940"]
[BlackElo "2278"]
[PlyCount "60"]
[EventDate "2013.10.14"]
[EventType "swiss"]
[EventRounds "9"]
[EventCountry "DEN"]
[Source "ChessBase"]
[SourceDate "2013.11.20"]

1. d4 b6 2. e4 e6 3. Bd3 Bb7 4. Nf3 d6 5. Nbd2 g6 6. c3 Bg7 7. O-O Nd7 8. Nc4
Ne7 9. b4 O-O 10. Bg5 h6 11. Bh4 Nf6 12. Nfd2 Qe8 13. Qf3 Nd7 14. Qe2 d5 15.
Bxe7 dxc4 16. Bxf8 cxd3 17. Qxd3 Qxf8 18. e5 Qd8 19. f4 Nb8 20. a4 Qd5 21. Rf2
c5 22. b5 Nd7 23. Nc4 cxd4 24. Qxd4 Bf8 25. Ne3 Qe4 26. Re2 Nc5 27. Rd1 Nxa4
28. Qxe4 Bxe4 29. Ng4 Nxc3 30. Nf6+ Kg7 0-1

[Event "Xtracon Grandmaster "]
[Site "Koge"]
[Date "2013.10.17"]
[Round "4"]
[White "Hein, Jacob"]
[Black "Hansen, Verner"]
[Result "0-1"]
[WhiteElo "1459"]
[BlackElo "1903"]
[PlyCount "106"]
[EventDate "2013.10.14"]
[EventType "swiss"]
[EventRounds "9"]
[EventCountry "DEN"]
[Source "ChessBase"]
[SourceDate "2013.11.20"]

1. d4 d5 2. Nf3 e6 3. g3 c5 4. e3 Nc6 5. c4 Nf6 6. a3 dxc4 7. Bxc4 cxd4 8. Nxd4
Nxd4 9. Qxd4 Qxd4 10. exd4 Bd7 11. O-O Be7 12. Nd2 O-O 13. f3 Bc6 14. b4 b5 15.
Bd3 Rfd8 16. Bb2 Rac8 17. Rac1 a6 18. Nb3 Nd7 19. Rc2 Nb6 20. Nd2 Bf6 21. Rcc1
Bb7 22. Rxc8 Bxc8 23. Nb3 e5 24. dxe5 Rxd3 25. Bd4 Nc4 26. exf6 Rxb3 27. fxg7
Be6 28. Rd1 Ne3 29. Rc1 Nf5 30. Be5 Nxg7 31. Rc6 Rxa3 32. Rd6 h6 33. Rd8+ Kh7
34. Kf2 Ra2+ 35. Ke3 Rxh2 36. g4 Ra2 37. Rd1 Ra4 38. Bd6 Ra3+ 39. Kf4 Bc4 40.
Rd2 Ne6+ 41. Ke4 Ng5+ 42. Kf4 Rxf3+ 43. Ke5 Kg6 44. Bc5 Ra3 45. Rd8 f6+ 46. Kd6
Rd3+ 47. Ke7 Rxd8 48. Kxd8 Ne6+ 49. Kd7 Nxc5+ 50. bxc5 Bd5 51. Kd6 Bf3 52. c6
Bxc6 53. Kxc6 b4 0-1

[Event "Xtracon Grandmaster "]
[Site "Koge"]
[Date "2013.10.17"]
[Round "4"]
[White "Hoi, Carsten"]
[Black "Kokholm, Daniel"]
[Result "1-0"]
[WhiteElo "2393"]
[BlackElo "1905"]
[PlyCount "87"]
[EventDate "2013.10.14"]
[EventType "swiss"]
[EventRounds "9"]
[EventCountry "DEN"]
[Source "ChessBase"]
[SourceDate "2013.11.20"]

1. d4 Nf6 2. Nf3 d6 3. c4 Nbd7 4. Nc3 c6 5. Qc2 e5 6. Bg5 Be7 7. e3 h6 8. Bh4
a6 9. a4 Qc7 10. a5 g5 11. Bg3 Nh5 12. Bd3 Nxg3 13. hxg3 Bf6 14. Ne4 Bg7 15. c5
d5 16. Nd6+ Kf8 17. Bf5 e4 18. Nd2 Kg8 19. Qb3 Nf6 20. Bxc8 Rxc8 21. Nxc8 Qxc8
22. Ra4 Ne8 23. Rb4 Nc7 24. Rxb7 Nb5 25. Rb6 Bf6 26. Rxb5 axb5 27. Qd1 Bd8 28.
b4 Bc7 29. Qh5 Kg7 30. g4 Qe6 31. Qh3 Rf8 32. Nf1 f5 33. gxf5 Rxf5 34. Ng3 Bxg3
35. Qxg3 Rf7 36. Ke2 Re7 37. Ra1 Ra7 38. Qd6 Qe8 39. Rh1 Qg6 40. Qb8 Qf7 41.
Qe5+ Kh7 42. Qxg5 Qg6 43. Qxg6+ Kxg6 44. Rh3 1-0

[Event "Xtracon Grandmaster "]
[Site "Koge"]
[Date "2013.10.17"]
[Round "4"]
[White "Jacobsen, Mikkel Manosri"]
[Black "Prosviriakov, Vladimir"]
[Result "1/2-1/2"]
[WhiteElo "1928"]
[BlackElo "2300"]
[PlyCount "92"]
[EventDate "2013.10.14"]
[EventType "swiss"]
[EventRounds "9"]
[EventCountry "DEN"]
[Source "ChessBase"]
[SourceDate "2013.11.20"]

1. d4 d6 2. Bf4 g6 3. e3 Bg7 4. Nf3 Nd7 5. Be2 e5 6. Bg3 Qe7 7. O-O Ngf6 8. c4
Ne4 9. Nc3 Nxg3 10. hxg3 O-O 11. Rc1 e4 12. Nd2 f5 13. Nd5 Qd8 14. g4 c6 15.
Nf4 Nf6 16. gxf5 gxf5 17. b4 Qe7 18. d5 c5 19. bxc5 dxc5 20. Rb1 Ne8 21. Rb3
Nd6 22. Nb1 Bd7 23. Nc3 Be5 24. g3 Qg7 25. Qc1 Rae8 26. Kg2 a6 27. a4 Re7 28.
a5 Rfe8 29. Qa3 Rc8 30. Na2 Kh8 31. Rh1 Kg8 32. Nc1 Kh8 33. Na2 Kg8 34. Nc1 Qf8
35. Rb1 Qg7 36. Rb3 Qf8 37. Rb1 Rg7 38. Nb3 Kh8 39. Rh2 Bxf4 40. exf4 e3 41. f3
Qf6 42. Qb2 Qg6 43. Rh3 Kg8 44. Rg1 Ba4 45. Nc1 Be8 46. Qc3 Re7 1/2-1/2

[Event "Xtracon Grandmaster "]
[Site "Koge"]
[Date "2013.10.17"]
[Round "4"]
[White "Johansson, Alexander"]
[Black "Akesson, Ralf"]
[Result "0-1"]
[WhiteElo "2049"]
[BlackElo "2465"]
[PlyCount "56"]
[EventDate "2013.10.14"]
[EventType "swiss"]
[EventRounds "9"]
[EventCountry "DEN"]
[Source "ChessBase"]
[SourceDate "2013.11.20"]

1. d4 Nf6 2. Nc3 d5 3. Bg5 c6 4. f3 h6 5. Bxf6 exf6 6. e4 Bb4 7. Nge2 dxe4 8.
fxe4 f5 9. exf5 Bxf5 10. Ng3 Bg6 11. Be2 O-O 12. O-O Qg5 13. Nce4 Qe3+ 14. Nf2
Nd7 15. Kh1 Bd6 16. Nh5 Rae8 17. Bg4 f5 18. Bf3 Nb6 19. c3 Bf7 20. Qc2 Bc4 21.
Rfd1 Bd5 22. Bxd5+ Nxd5 23. Nh3 Qe2 24. Qb3 Qxh5 25. c4 Re3 26. Qxb7 Rxh3 27.
gxh3 Qf3+ 28. Kg1 Nf4 0-1

[Event "Xtracon Grandmaster "]
[Site "Koge"]
[Date "2013.10.17"]
[Round "4"]
[White "Jorgensen, Mikkel"]
[Black "Fries Nielsen, Jens Ove"]
[Result "0-1"]
[WhiteElo "1866"]
[BlackElo "2386"]
[PlyCount "54"]
[EventDate "2013.10.14"]
[EventType "swiss"]
[EventRounds "9"]
[EventCountry "DEN"]
[Source "ChessBase"]
[SourceDate "2013.11.20"]

1. e4 d6 2. d4 Nf6 3. Nc3 a6 4. f3 e6 5. Be3 b5 6. Qd2 Nbd7 7. Nh3 Bb7 8. Nf2
c5 9. Ne2 Qc7 10. c3 Be7 11. Rc1 Rc8 12. Ng3 Qa5 13. b4 cxb4 14. cxb4 Rxc1+ 15.
Qxc1 Qxb4+ 16. Qd2 Qb1+ 17. Nd1 d5 18. Bd3 Qb4 19. e5 Qxd2+ 20. Bxd2 Ng8 21.
O-O Bd8 22. f4 Bb6 23. Ne2 Ne7 24. Ne3 g6 25. g4 Nc6 26. Nc2 h5 27. f5 Ndxe5
0-1

[Event "Xtracon Grandmaster "]
[Site "Koge"]
[Date "2013.10.17"]
[Round "4"]
[White "Korley, Kassa"]
[Black "Solodovnichenko, Yuri"]
[Result "0-1"]
[WhiteElo "2329"]
[BlackElo "2583"]
[PlyCount "70"]
[EventDate "2013.10.14"]
[EventType "swiss"]
[EventRounds "9"]
[EventCountry "DEN"]
[Source "ChessBase"]
[SourceDate "2013.11.20"]

1. d4 d5 2. c4 c6 3. Nf3 e6 4. Nc3 dxc4 5. g3 b5 6. Bg2 Bb7 7. O-O Nd7 8. Qc2
Ngf6 9. Rd1 Be7 10. Ne5 Nd5 11. Ne4 O-O 12. Nxd7 Qxd7 13. b3 Nb4 14. Qd2 cxb3
15. axb3 Rfd8 16. Ba3 a5 17. Rac1 h6 18. Nc5 Bxc5 19. Rxc5 Na6 20. Rh5 c5 21.
Bxc5 Bxg2 22. Kxg2 f5 23. Ba3 Qd5+ 24. f3 Qxb3 25. Be7 Rd7 26. Bf6 Rc8 27. Bxg7
Rxg7 28. Qxh6 Rc2 29. Qh8+ Kf7 30. Rh7 Rxh7 31. Qxh7+ Ke8 32. Qg8+ Kd7 33. Qf7+
Kc8 34. Kf2 Nc7 35. h4 Qc4 0-1

[Event "Xtracon Grandmaster "]
[Site "Koge"]
[Date "2013.10.17"]
[Round "4"]
[White "Kristensen, Benny"]
[Black "Elzubeir, Omar"]
[Result "1/2-1/2"]
[WhiteElo "1879"]
[BlackElo "1448"]
[PlyCount "67"]
[EventDate "2013.10.14"]
[EventType "swiss"]
[EventRounds "9"]
[EventCountry "DEN"]
[Source "ChessBase"]
[SourceDate "2013.11.20"]

1. d4 c5 2. Nf3 cxd4 3. Nxd4 Nc6 4. e4 e5 5. Nb5 d6 6. N1c3 a6 7. Na3 b5 8. Nd5
Be6 9. c4 b4 10. Nc2 a5 11. b3 Nf6 12. Bg5 Be7 13. Bxf6 Bxf6 14. Nce3 Bxd5 15.
Nxd5 Nd4 16. Be2 O-O 17. Bg4 Be7 18. Qd3 g6 19. Rc1 Bg5 20. Rd1 h5 21. Be2 Kg7
22. O-O Ne6 23. g3 f5 24. exf5 Rxf5 25. Bxh5 Qh8 26. Bg4 Nc5 27. Qc2 Rf7 28.
Rfe1 Qh6 29. Nb6 Rh8 30. f3 Be3+ 31. Kh1 Bd4 32. Nd5 Rhf8 33. Rf1 Qg5 34. Qg2
1/2-1/2

[Event "Xtracon Grandmaster "]
[Site "Koge"]
[Date "2013.10.17"]
[Round "4"]
[White "Larsen, Preben R"]
[Black "Eriksson, Kristian"]
[Result "1/2-1/2"]
[WhiteElo "1821"]
[BlackElo "2093"]
[PlyCount "69"]
[EventDate "2013.10.14"]
[EventType "swiss"]
[EventRounds "9"]
[EventCountry "DEN"]
[Source "ChessBase"]
[SourceDate "2013.11.20"]

1. e4 e5 2. Nf3 Nc6 3. Bc4 Nf6 4. Ng5 d5 5. exd5 Na5 6. Bb5+ Bd7 7. Qe2 Be7 8.
Bxd7+ Qxd7 9. Nc3 O-O 10. O-O Rfe8 11. Qf3 Rad8 12. d3 h6 13. Nge4 Nxd5 14. Qg3
Qe6 15. Nxd5 Rxd5 16. Nc3 Rd7 17. Re1 Nc6 18. Be3 Bb4 19. a3 Bxc3 20. bxc3 Qf6
21. f3 b6 22. Bd2 Kh7 23. Re4 Qd6 24. f4 f6 25. fxe5 fxe5 26. Rf1 Rf8 27. Rxf8
Qxf8 28. Qg4 Rf7 29. Re1 Qc5+ 30. d4 exd4 31. Qe4+ Qf5 32. cxd4 Qxe4 33. Rxe4
Re7 34. Rxe7 Nxe7 35. Kf2 1/2-1/2

[Event "Xtracon Grandmaster "]
[Site "Koge"]
[Date "2013.10.17"]
[Round "4"]
[White "Nielsen, Bjorn"]
[Black "Rendlev, Niels Moller"]
[Result "0-1"]
[WhiteElo "1431"]
[BlackElo "1818"]
[PlyCount "102"]
[EventDate "2013.10.14"]
[EventType "swiss"]
[EventRounds "9"]
[EventCountry "DEN"]
[Source "ChessBase"]
[SourceDate "2013.11.20"]

1. e4 e6 2. d4 d5 3. e5 c5 4. Be3 cxd4 5. Bxd4 Nc6 6. Nf3 Nxd4 7. Qxd4 Ne7 8.
Qd2 Bd7 9. Be2 Qb6 10. b3 Nc6 11. O-O Be7 12. Nc3 a6 13. Bd3 Rc8 14. Na4 Qc7
15. Qf4 h6 16. Rab1 Nb4 17. a3 Nxd3 18. cxd3 Bxa3 19. Ra1 Be7 20. d4 O-O 21.
Nc5 Bxc5 22. Rfc1 Qb6 23. dxc5 Rxc5 24. Rcb1 Rfc8 25. h3 Qc7 26. Ne1 Bb5 27. b4
Rc4 28. Qe3 Rc3 29. Qf4 Qc4 30. Qxc4 R8xc4 31. Kh2 g5 32. g4 Kg7 33. Rb2 Kg6
34. Ng2 d4 35. Rd1 d3 36. Rdd2 Rc2 37. Ne3 Rxb4 38. Ra2 Rxa2 39. Rxa2 Re4 40.
Rd2 Rxe5 41. Kg3 f5 42. Kf3 Bc6+ 43. Kg3 f4+ 44. Kh2 fxe3 45. fxe3 Rxe3 46. h4
Re2+ 47. Rxe2 dxe2 48. h5+ Kf6 49. Kh3 e1=Q 50. Kh2 Qf2+ 51. Kh3 Qg2# 0-1

[Event "Xtracon Grandmaster "]
[Site "Koge"]
[Date "2013.10.17"]
[Round "4"]
[White "Nielsen, Klaus"]
[Black "Petersen, Henry"]
[Result "1-0"]
[WhiteElo "2092"]
[BlackElo "1405"]
[PlyCount "53"]
[EventDate "2013.10.14"]
[EventType "swiss"]
[EventRounds "9"]
[EventCountry "DEN"]
[Source "ChessBase"]
[SourceDate "2013.11.20"]

1. d4 Nf6 2. Nc3 e6 3. e4 d5 4. Bg5 Be7 5. Bxf6 Bxf6 6. Nf3 b6 7. Bd3 Bb7 8. e5
Be7 9. O-O O-O 10. Ne2 c5 11. c3 Nd7 12. Qc2 g6 13. Qd2 Re8 14. Qf4 Bf8 15. h4
Qe7 16. h5 cxd4 17. cxd4 f5 18. exf6 Nxf6 19. hxg6 h6 20. Ne5 Bg7 21. Nf7 Bc6
22. Rac1 Rac8 23. Nd6 Qc7 24. Nxc8 Qxf4 25. Nxf4 Rxc8 26. Ba6 Rc7 27. Nxe6 1-0

[Event "Xtracon Grandmaster "]
[Site "Koge"]
[Date "2013.10.17"]
[Round "4"]
[White "Nielsen, Lars Aaes"]
[Black "Ulibin, Mikhail"]
[Result "0-1"]
[WhiteElo "2268"]
[BlackElo "2523"]
[PlyCount "92"]
[EventDate "2013.10.14"]
[EventType "swiss"]
[EventRounds "9"]
[EventCountry "DEN"]
[Source "ChessBase"]
[SourceDate "2013.11.20"]

1. e4 c5 2. c3 Nf6 3. e5 Nd5 4. Nf3 e6 5. d4 cxd4 6. cxd4 d6 7. Bc4 Be7 8. O-O
O-O 9. Qe2 b6 10. Bd2 Bb7 11. Nc3 Nxc3 12. Bxc3 Nd7 13. Rfd1 dxe5 14. dxe5 Qc7
15. Rac1 Rfd8 16. Bd3 Nc5 17. Bd4 Bxf3 18. Qxf3 a5 19. a3 Ra7 20. Bb5 Qb8 21.
b4 axb4 22. axb4 Na6 23. Bxa6 Rxa6 24. b5 Ra4 25. Be3 Rxd1+ 26. Qxd1 Ra7 27. g3
h6 28. Qd3 Rc7 29. Rc6 Rxc6 30. bxc6 Bd8 31. f4 Bc7 32. Bd2 b5 33. Bb4 Qb6+ 34.
Kg2 Qxc6+ 35. Qf3 Qc2+ 36. Kh3 Bb6 37. Qa8+ Kh7 38. Qb7 Bg1 39. Qg2 Qf5+ 40. g4
Qxf4 41. Be1 Bd4 42. Bg3 Qe3 43. Qf1 Bxe5 44. Qxb5 Bxg3 45. hxg3 Qe4 46. Qf1 f5
0-1

[Event "Xtracon Grandmaster "]
[Site "Koge"]
[Date "2013.10.17"]
[Round "4"]
[White "Nilssen, John Arni"]
[Black "Nielsen, Jens Holm"]
[Result "1-0"]
[WhiteElo "2360"]
[BlackElo "1844"]
[PlyCount "73"]
[EventDate "2013.10.14"]
[EventType "swiss"]
[EventRounds "9"]
[EventCountry "DEN"]
[Source "ChessBase"]
[SourceDate "2013.11.20"]

1. d4 d5 2. c4 c6 3. Nc3 Nf6 4. Nf3 g6 5. Qb3 Qb6 6. c5 Qc7 7. e4 e6 8. Qc2 b6
9. exd5 exd5 10. cxb6 axb6 11. Bg5 Bg7 12. Bxf6 Bxf6 13. Nxd5 Qd6 14. Nxf6+
Qxf6 15. Bc4 O-O 16. O-O b5 17. Bb3 Bf5 18. Qc3 Na6 19. Ne5 b4 20. Qxc6 Qxc6
21. Nxc6 Kg7 22. f3 Bd7 23. Rac1 Rac8 24. Ne5 Rxc1 25. Rxc1 Bb5 26. Bc4 Bxc4
27. Rxc4 f6 28. Nc6 Re8 29. Nxb4 Nxb4 30. Rxb4 Rc8 31. h4 Rc1+ 32. Kf2 h5 33.
a4 g5 34. a5 gxh4 35. a6 Ra1 36. Rb7+ Kg6 37. a7 1-0

[Event "Xtracon Grandmaster "]
[Site "Koge"]
[Date "2013.10.17"]
[Round "4"]
[White "Ozkan, Salih"]
[Black "Rendboe, John Filip"]
[Result "1/2-1/2"]
[WhiteElo "1797"]
[BlackElo "2214"]
[PlyCount "65"]
[EventDate "2013.10.14"]
[EventType "swiss"]
[EventRounds "9"]
[EventCountry "DEN"]
[Source "ChessBase"]
[SourceDate "2013.11.20"]

1. e4 c5 2. Nf3 Nc6 3. d4 cxd4 4. Nxd4 e5 5. Nb5 Nf6 6. N1c3 d6 7. Bg5 a6 8.
Na3 b5 9. Bxf6 gxf6 10. Nd5 Bg7 11. Bd3 Ne7 12. Nxe7 Qxe7 13. c4 f5 14. cxb5
O-O 15. O-O d5 16. f3 fxe4 17. fxe4 f5 18. Qb3 Kh8 19. exf5 e4 20. f6 Rxf6 21.
Be2 Qe5 22. Rxf6 Bxf6 23. bxa6 Bxa6 24. Bxa6 Rxa6 25. Rb1 Be7 26. Nb5 Bc5+ 27.
Kh1 d4 28. Qc4 Rh6 29. h3 d3 30. b4 Bf2 31. Qc8+ Kg7 32. Qd7+ Kg8 33. Qc8+
1/2-1/2

[Event "Xtracon Grandmaster "]
[Site "Koge"]
[Date "2013.10.17"]
[Round "4"]
[White "Pawlak, Wojciech Zbignew"]
[Black "Andersen, Finn"]
[Result "0-1"]
[WhiteElo "1681"]
[BlackElo "2060"]
[PlyCount "104"]
[EventDate "2013.10.14"]
[EventType "swiss"]
[EventRounds "9"]
[EventCountry "DEN"]
[Source "ChessBase"]
[SourceDate "2013.11.20"]

1. d4 Nf6 2. c4 d6 3. Nc3 e5 4. dxe5 dxe5 5. Qxd8+ Kxd8 6. Bg5 Nbd7 7. O-O-O c6
8. e4 Kc7 9. f3 a5 10. Bd3 Nc5 11. b3 Nfd7 12. Nge2 Na6 13. Kb2 Ndc5 14. Bc2
Be6 15. Rd2 f6 16. Be3 Be7 17. h3 h5 18. Rhd1 h4 19. Nd5+ Bxd5 20. cxd5 Rad8
21. dxc6 bxc6 22. Rxd8 Bxd8 23. Bf2 g5 24. Be1 Nb7 25. Bd3 Nb8 26. Bc4 Be7 27.
Be6 Bb4 28. Bxb4 axb4 29. a3 bxa3+ 30. Kxa3 Rd8 31. Rxd8 Nxd8 32. Bc4 Kb6 33.
g3 Kc5 34. gxh4 gxh4 35. Kb2 Nd7 36. Kc3 Nf8 37. f4 Kd6 38. f5 Nh7 39. Kd3 Ng5
40. Ng1 Nb7 41. Ke3 Nc5 42. Nf3 Ncxe4 43. Nxh4 Nc5 44. b4 Nd7 45. Bf1 Nb6 46.
Ng6 Nd5+ 47. Kd2 Nxb4 48. h4 Nf7 49. Bc4 Nd5 50. Ba6 Nh6 51. Bc8 Nc7 52. h5 Ne8
0-1